00269nam a2200109Ia 4500008004100000245004400041260002200085440000600107521002200113942000700135999001700142140130s9999 xx 000 0 und d cMelvin H. BergeraA Whale is not a Fish bScholastic,c1995 v1 aGrade 3 - Grade 4 cBK c40852d40852